| 000 | 00915nam a2200217 i 4500 | ||
|---|---|---|---|
| 001 | 182916 | ||
| 003 | ES-MaACL | ||
| 005 | 20250816091144.0 | ||
| 008 | 131216s1772 fr f |||| | fre d | ||
| 100 | 1 |
_aDudin, René Martin, _d1725-1807 _9154004 |
|
| 245 | 1 | 2 |
_aL'art du relieur doreur de livres / _cpar M. Dudin. |
| 260 |
_a[Paris] : _bSaillant et Nyon, _c1772 ( _fImp. de L.F. Delatour) |
||
| 300 |
_aIV, 112 p., 15 lám. ; _cFol. (44 cm) |
||
| 490 | 1 | _aDescriptions des arts et métiers faites ou approuvées par Messieurs de l'Académie Royale des Sciences | |
| 530 | _aDisponible en formato digital. | ||
| 650 | 4 |
_aEncuadernación- _vObras anteriores a 1800. _9154005 |
|
| 830 | 0 | 0 |
_aDescriptions des arts et métiers _9241750 |
| 852 |
_aES-MaACL _jR-58(1) _x Olim: C-10827-70 |
||
| 856 |
_uhttp://gallica.bnf.fr/ark:/12148/bpt6k10405927?rk=21459;2 _zBNF-Gallica |
||
| 999 |
_c182916 _d182916 |
||